000 00467nam a2200157Ia 4500
999 _c11675
_d11675
003 OSt
005 20201005113914.0
008 190216s9999||||xx |||||||||||||| ||und||
040 _coclc
082 _a823.01
_bJON/M
100 _aJones, Phyllis M
_94704
245 0 _aModern English Short Stories /
_cPhyllis M Jones
260 _bOxford University Press,
_c1950.
_aNewyork:
300 _a403p
942 _cBK
_2ddc
_h823.01
_iJON/M
_k823.01
_mJON/M